| 000 | 00545ntaaa2200193 4500 | ||
|---|---|---|---|
| 003 | 01 | ||
| 005 | 20251027202325.0 | ||
| 008 | 0714s1973 ag 01 | ||
| 040 |
_aAR-BaBN _bspa _cAR-BaBN _eaacr _dRIC |
||
| 082 | _a281.9000 W22 | ||
| 100 |
_aWare, Timothy _921799 |
||
| 245 | _aThe orthodox church | ||
| 250 | _a1 ed. | ||
| 260 |
_aHarmondsworth : _bPenguin Books, _cc1963 |
||
| 300 | _a352 p | ||
| 500 | _aStudy of the history, faith and worship of the orthodox church | ||
| 650 |
_aOrtodoxa-iglesia-historia, fe, y culto _921800 |
||
| 942 | _cBK | ||
| 999 |
_c18043 _d18043 |
||